000 01599cam a22003254a 4500
001 13927013
003 ARRUPE
005 20160909110814.0
008 050412s2005 inu b 000 0 eng
010 _a 2005010274
015 _aGBA561091
_2bnb
016 7 _a013256171
_2Uk
020 _a159471066X (pbk.)
035 _a(OCoLC)ocm59712347
040 _aDLC
_cDLC
_dOCLCQ
_dUKM
_dBAKER
_dC#P
_dDLC
042 _apcc
050 0 0 _aBX1912
_b.R675 2005
082 0 0 _a253/.2/088282
_222
100 1 _aRossetti, Stephen J.,
_d1951-
_925342
245 1 4 _aThe joy of priesthood /
_cStephen J. Rossetti.
260 _aNotre Dame, Ind. :
_bAve Maria Press,
_cc2005.
300 _a221 p. ;
_c22 cm.
504 _aIncludes bibliographical references (p. 216-221).
505 0 _aPriesthood is difficult -- A work of ultimate concern -- Men of prayer -- The priest as a friend of God : today's struggle for priestly identity -- Self-will run riot -- The priestly call to passionate living and loving -- The priest as a male : in an era of the ascending feminine -- The priest as man of communion -- The priest among the people : a spirituality of priestly ministry -- The priest as a grateful person : developing a Eucharistic heart -- When things go wrong -- Renewal of the priesthood -- A priesthood of joy.
610 2 0 _aCatholic Church
_xClergy.
_925343
650 0 _aPriesthood
_xCatholic Church.
_925344
906 _a7
_bcbc
_corignew
_d1
_eecip
_f20
_gy-gencatlg
942 _2lcc
_cMONOGRAPH
999 _c125091
_d125091